[Event "Budapest Spring op"]
[Site "Budapest"]
[Date "2017.03.20"]
[Round "3"]
[White "Vegh, Endre"]
[Black "Almasi, Istvan"]
[Result "1/2-1/2"]
[WhiteElo "2232"]
[BlackElo "2415"]
[PlyCount "53"]
[EventDate "2017.03.18"]
[EventType "swiss"]
[EventRounds "9"]
[EventCountry "HUN"]
[SourceTitle "CBM 177 Extra"]
[Source "ChessBase"]
[SourceDate "2017.04.27"]
[SourceVersion "1"]
[SourceVersionDate "2017.04.27"]
[SourceQuality "1"]

1. d4 g6 2. e4 Bg7 3. Nc3 d6 4. f4 a6 5. Nf3 b5 6. Bd3 Nd7 7. a4 b4 8. Ne2 c5 9. c3 cxd4 10. cxd4 Ngf6 11. e5 Nd5 12. 0-0 0-0 13. Qe1 a5 14. Ng5 h6 15. Nxf7 Rxf7 16. Bxg6 Rf8 17. Be4 Bb7 18. Qg3 dxe5 19. Qg6 Rf6 20. Qh7+ Kf7 21. fxe5 Rxf1+ 22. Kxf1 Ra6 23. Qf5+ Kg8 24. Qh7+ Kf8 25. Qf5+ Kg8 26. Qh7+ Kf8 27. Qf5+ 1/2-1/2

[Event "HUN-chT 1617"]
[Site "Hungary"]
[Date "2017.01.29"]
[Round "5.4"]
[White "Csonka, Balazs"]
[Black "Almasi, Istvan"]
[Result "1/2-1/2"]
[WhiteElo "2398"]
[BlackElo "2423"]
[PlyCount "25"]
[EventDate "2016.10.30"]
[EventType "team-tourn"]
[EventRounds "9"]
[EventCountry "HUN"]
[SourceTitle "EXT 2018"]
[Source "ChessBase"]
[SourceDate "2017.10.13"]
[SourceVersion "1"]
[SourceVersionDate "2017.10.13"]
[SourceQuality "1"]
[WhiteTeam "Mako Duocor"]
[BlackTeam "Dunaharaszti"]
[WhiteTeamCountry "HUN"]
[BlackTeamCountry "HUN"]

1. Nf3 c5 2. e4 e6 3. g3 Nc6 4. Bg2 Nf6 5. Qe2 d6 6. 0-0 Be7 7. c3 e5 8. h3 0-0 9. Rd1 d5 10. d4 exd4 11. exd5 Nxd5 12. cxd4 Be6 13. Nc3 1/2-1/2

[Event "Suwalki Warakomska Memorial-A 1st"]
[Site "Suwalki"]
[Date "2017.??.??"]
[Round "8"]
[White "Almasi, Istvan"]
[Black "Bugalski, Michal"]
[Result "1-0"]
[WhiteElo "2408"]
[BlackElo "2250"]
[PlyCount "123"]
[EventDate "2017.08.11"]
[EventType "swiss"]
[EventRounds "9"]
[EventCountry "POL"]
[SourceTitle "CBM 180 Extra"]
[Source "ChessBase"]
[SourceDate "2017.10.06"]
[SourceVersion "1"]
[SourceVersionDate "2017.10.06"]
[SourceQuality "1"]

1. c4 Nf6 2. g3 e5 3. Bg2 g6 4. Nc3 Bg7 5. e3 0-0 6. Nge2 Re8 7. 0-0 Nc6 8. d3 Ne7 9. Qb3 c6 10. e4 d6 11. h3 Nd7 12. Be3 Nc5 13. Qc2 Ne6 14. Rae1 Nd4 15. Qc1 Be6 16. Bg5 Qd7 17. Kh2 f5 18. Nxd4 exd4 19. Ne2 Rac8 20. b3 b5 21. c5 fxe4 22. Nf4 d5 23. Nxe6 Qxe6 24. dxe4 dxe4 25. Rxe4 Qd7 26. Rfe1 Nf5 27. Rxe8+ Rxe8 28. Rxe8+ Qxe8 29. Qh1 h6 30. Bxc6 Qe2 31. Bf4 d3 32. Qf3 Nd4 33. Bd5+ Kh7 34. Qe3 Nc2 35. Qf3 Nd4 36. Qxe2 dxe2 37. Bd2 Nc2 38. c6 Be5 39. Be4 e1Q 40. Bxe1 Nxe1 41. Kg1 Kg7 42. Kf1 Kf6 43. Kxe1 g5 44. Bd3 b4 45. Ke2 Bc7 46. Ke3 Bb6+ 47. Ke4 Ke6 48. f4 gxf4 49. Kxf4 Bc7+ 50. Kf3 Kd5 51. Be4+ Ke5 52. g4 Ke6 53. Ke3 Be5 54. Kd3 Kd6 55. Kc4 Bc3 56. Kb5 Be1 57. Ka6 Kc7 58. Kxa7 Bh4 59. Ka6 Be7 60. Kb5 Bf8 61. Kc4 Kd6 62. Kxb4 1-0

[Event "Suwalki Warakomska Memorial-A 1st"]
[Site "Suwalki"]
[Date "2017.??.??"]
[Round "9"]
[White "Jarmula, Lukasz"]
[Black "Almasi, Istvan"]
[Result "1/2-1/2"]
[WhiteElo "2457"]
[BlackElo "2408"]
[PlyCount "95"]
[EventDate "2017.08.11"]
[EventType "swiss"]
[EventRounds "9"]
[EventCountry "POL"]
[SourceTitle "CBM 180 Extra"]
[Source "ChessBase"]
[SourceDate "2017.10.06"]
[SourceVersion "1"]
[SourceVersionDate "2017.10.06"]
[SourceQuality "1"]

1. e4 c5 2. Nf3 e6 3. d4 cxd4 4. Nxd4 Nc6 5. Nc3 Qc7 6. Be3 a6 7. Qf3 Bd6 8. 0-0-0 Be5 9. g3 Nf6 10. Qe2 0-0 11. f4 Bxd4 12. Bxd4 Nxd4 13. Rxd4 e5 14. fxe5 Qxe5 15. Qd2 b5 16. Bg2 Bb7 17. Rf1 Rae8 18. Rf5 Qe7 19. e5 Bxg2 20. Qxg2 b4 21. Na4 Qe6 22. Qf2 Nd5 23. Nc5 Qh6+ 24. Qd2 Ne3 25. Rh4 Qg6 26. Rfh5 Nc4 27. Qxb4 Nxe5 28. Rxh7 Qg5+ 29. Qf4 Qxf4+ 30. gxf4 Ng6 31. R4h5 Re1+ 32. Kd2 Rfe8 33. f5 R8e2+ 34. Kc3 Rc1 35. fxg6 fxg6 36. Rh8+ Kf7 37. Rd5 Rexc2+ 38. Kd4 Rc4+ 39. Ke3 Rxc5 40. Rxd7+ Ke6 41. Rxg7 Kf6 42. Rhg8 Re5+ 43. Kd4 Rd1+ 44. Kc3 Rc5+ 45. Kb3 Rb5+ 46. Kc4 Rc1+ 47. Kd4 Rd1+ 48. Kc4 1/2-1/2

[Event "HUN-chT 1617"]
[Site "Hungary"]
[Date "2016.12.11"]
[Round "4.4"]
[White "Almasi, Istvan"]
[Black "Banusz, Tamas"]
[Result "0-1"]
[WhiteElo "2423"]
[BlackElo "2612"]
[PlyCount "114"]
[EventDate "2016.10.30"]
[EventType "team-tourn"]
[EventRounds "9"]
[EventCountry "HUN"]
[SourceTitle "EXT 2018"]
[Source "ChessBase"]
[SourceDate "2017.10.13"]
[SourceVersion "1"]
[SourceVersionDate "2017.10.13"]
[SourceQuality "1"]
[WhiteTeam "Dunaharaszti"]
[BlackTeam "Aquaprofit"]
[WhiteTeamCountry "HUN"]
[BlackTeamCountry "HUN"]

1. d4 d5 2. c4 dxc4 3. Nf3 a6 4. e4 b5 5. a4 Bb7 6. axb5 axb5 7. Rxa8 Bxa8 8. Nc3 c6 9. Be2 e6 10. 0-0 Nd7 11. d5 e5 12. b3 Ngf6 13. Bg5 b4 14. dxc6 Bxc6 15. Nd5 Bxd5 16. exd5 Bd6 17. Bxc4 0-0 18. Nh4 h6 19. Nf5 hxg5 20. Nxd6 Nb6 21. Nf5 Nxc4 22. bxc4 g6 23. Nh6+ Kg7 24. Ng4 Qd6 25. Nxf6 Kxf6 26. Qa4 Qc5 27. Rb1 Qxc4 28. Qxb4 Qxb4 29. Rxb4 Rd8 30. Rb5 g4 31. f3 gxf3 32. gxf3 Kf5 33. Kf2 Ra8 34. Kg3 Ra3 35. Rb7 f6 36. Kg2 Rd3 37. Rb5 Kg5 38. Ra5 f5 39. d6 Rd2+ 40. Kg3 f4+ 41. Kh3 Kf5 42. Ra6 g5 43. Ra8 Rxd6 44. Rf8+ Rf6 45. Re8 g4+ 46. fxg4+ Ke4 47. Kg2 f3+ 48. Kf2 Ra6 49. h4 Ra2+ 50. Kg3 Rg2+ 51. Kh3 Rg1 52. Rf8 Ke3 53. h5 f2 54. h6 f1Q+ 55. Rxf1 Rxf1 56. Kg2 Rf6 57. g5 Rg6 0-1

[Event "HUN-chT 1617"]
[Site "Hungary"]
[Date "2016.10.30"]
[Round "1.4"]
[White "Hoang, Thanh Trang"]
[Black "Almasi, Istvan"]
[Result "1-0"]
[WhiteElo "2470"]
[BlackElo "2423"]
[PlyCount "91"]
[EventDate "2016.10.30"]
[EventType "team-tourn"]
[EventRounds "9"]
[EventCountry "HUN"]
[SourceTitle "CBM 175 Extra"]
[Source "ChessBase"]
[SourceDate "2016.12.12"]
[SourceVersion "1"]
[SourceVersionDate "2016.12.12"]
[SourceQuality "1"]
[WhiteTeam "HASE Lila Futo"]
[BlackTeam "Dunaharaszti"]
[WhiteTeamCountry "HUN"]
[BlackTeamCountry "HUN"]

1. d4 d5 2. Bf4 Bf5 3. e3 e6 4. Nf3 Bd6 5. Bxd6 Qxd6 6. c4 c6 7. Nc3 Nd7 8. Bd3 Bxd3 9. Qxd3 Ngf6 10. 0-0 0-0 11. Rab1 dxc4 12. Qxc4 e5 13. Rfd1 e4 14. Nd2 Rfe8 15. h3 b5 16. Qb3 Nb6 17. Rbc1 a5 18. a4 b4 19. Ne2 Rac8 20. Nc4 Nxc4 21. Rxc4 Nd7 22. Qc2 Nb6 23. Rc5 Nd7 24. Rxa5 c5 25. dxc5 Rxc5 26. Rxd6 Rxc2 27. Nd4 Rc1+ 28. Kh2 Nc5 29. Rc6 Nd3 30. Rxc1 Nxc1 31. b3 g6 32. Kg3 Rc8 33. Rb5 Nd3 34. a5 Rc1 35. a6 Ra1 36. Rb8+ Kg7 37. Ra8 h5 38. h4 g5 39. hxg5 Rh1 40. a7 h4+ 41. Kg4 Nxf2+ 42. Kh5 h3 43. Nf5+ Kh7 44. Rh8+ Kxh8 45. a8Q+ Kh7 46. g4 1-0

[Event "Hasselbacken op"]
[Site "Stockholm"]
[Date "2016.05.08"]
[Round "9"]
[White "Almasi, Istvan"]
[Black "Efroimski, Marsel"]
[Result "1/2-1/2"]
[WhiteElo "2420"]
[BlackElo "2278"]
[PlyCount "76"]
[EventDate "2016.04.30"]
[EventType "swiss"]
[EventRounds "9"]
[EventCountry "SWE"]
[SourceTitle "CBM 172 Extra"]
[Source "ChessBase"]
[SourceDate "2016.06.21"]
[SourceVersion "1"]
[SourceVersionDate "2016.06.21"]
[SourceQuality "1"]

1. Nf3 Nf6 2. c4 g6 3. Nc3 d5 4. cxd5 Nxd5 5. Qb3 Nb6 6. d4 Bg7 7. e4 Bg4 8. Bb5+ c6 9. Ng5 0-0 10. Be2 Bxe2 11. Nxe2 N8d7 12. Qh3 h6 13. Nf3 h5 14. g4 Nf6 15. gxh5 Qc8 16. Qh4 Qg4 17. Qxg4 Nxg4 18. Rg1 Nf6 19. h6 Bh8 20. e5 Nh5 21. Ng3 Nxg3 22. Rxg3 c5 23. h4 cxd4 24. h5 Rac8 25. hxg6 fxg6 26. Rxg6+ Kh7 27. Rg3 Rf5 28. Ng5+ Kxh6 29. f4 Nd5 30. Ne6 Rh5 31. Rg1 Nb4 32. Nxd4 Kh7 33. Bd2 Nd3+ 34. Kd1 Nxb2+ 35. Ke1 Nd3+ 36. Kd1 Nb2+ 37. Ke1 Nd3+ 38. Kd1 Nb2+ 1/2-1/2

[Event "Hasselbacken op"]
[Site "Stockholm"]
[Date "2016.05.04"]
[Round "5"]
[White "Almasi, Istvan"]
[Black "Landa, Konstantin"]
[Result "0-1"]
[WhiteElo "2420"]
[BlackElo "2618"]
[PlyCount "68"]
[EventDate "2016.04.30"]
[EventType "swiss"]
[EventRounds "9"]
[EventCountry "SWE"]
[SourceTitle "CBM 172 Extra"]
[Source "ChessBase"]
[SourceDate "2016.06.21"]
[SourceVersion "1"]
[SourceVersionDate "2016.06.21"]
[SourceQuality "1"]

1. d4 Nf6 2. c4 e6 3. Nf3 b6 4. g3 Bb7 5. Bg2 Be7 6. 0-0 0-0 7. d5 exd5 8. Nh4 c6 9. cxd5 Nxd5 10. Nf5 Nc7 11. e4 d5 12. Nc3 Re8 13. Re1 Bf8 14. Qg4 g6 15. Bg5 f6 16. Nh6+ Bxh6 17. Bxh6 d4 18. Rad1 c5 19. Nd5 Nxd5 20. exd5 Nd7 21. f4 f5 22. Qf3 Nf6 23. Rxe8+ Qxe8 24. Qb3 Qf7 25. Re1 Bxd5 26. Bxd5 Nxd5 27. Re5 Ne3 28. Re7 Qxb3 29. axb3 Rd8 30. Rg7+ Kh8 31. Re7 d3 32. Bg7+ Kg8 33. Bc3 Nd5 34. Rg7+ Kf8 0-1

[Event "Hasselbacken op"]
[Site "Stockholm"]
[Date "2016.05.03"]
[Round "4"]
[White "Eriksson, Jorgen"]
[Black "Almasi, Istvan"]
[Result "0-1"]
[WhiteElo "2231"]
[BlackElo "2420"]
[PlyCount "84"]
[EventDate "2016.04.30"]
[EventType "swiss"]
[EventRounds "9"]
[EventCountry "SWE"]
[SourceTitle "CBM 172 Extra"]
[Source "ChessBase"]
[SourceDate "2016.06.21"]
[SourceVersion "1"]
[SourceVersionDate "2016.06.21"]
[SourceQuality "1"]

1. d4 Nf6 2. Nf3 c5 3. c4 cxd4 4. Nxd4 e6 5. g3 Bb4+ 6. Bd2 Qb6 7. Bxb4 Qxb4+ 8. Qd2 Qxc4 9. Nc3 0-0 10. Rc1 Nc6 11. Ndb5 d5 12. Nc7 Rb8 13. N3xd5 Qxa2 14. Nxf6+ gxf6 15. Bg2 Rd8 16. Qc3 Qa5 17. Qxa5 Nxa5 18. 0-0 Bd7 19. Ra1 Nc6 20. Nb5 a6 21. Nd6 Kf8 22. Ne4 Ke7 23. Nc5 Be8 24. e3 Rd2 25. Rfc1 Nd8 26. b4 Rd6 27. h4 Rb6 28. Nd3 Bb5 29. Rc7+ Kd6 30. Rc3 Nc6 31. Rd1 Ke7 32. Bxc6 Bxc6 33. Rdc1 Rd8 34. Nc5 Rd2 35. b5 Rxb5 36. Nxa6 Rbb2 37. Nb8 Rxf2 38. Nxc6+ bxc6 39. Rxc6 Rg2+ 40. Kf1 Rh2 41. Kg1 Rbg2+ 42. Kf1 Rxg3 0-1